Doki Doki Literature Club - Your Reality Lyrics - Statistics

General Stats
  • This quiz has been taken 287 times
  • The average score is 19 of 23
Answer Stats
Lyric % Correct
In my hands, is a {pen} that’ll write a poem of me and you
97%
Just move your {hand}
96%
Everyday, I imagine a {future} where I can be with you
95%
Write the way into his {heart}
95%
What will it take just to find that {special} {day}
89%
What will it take just to find that {special} {day}
89%
The ink flows down into a {dark} {puddle}
88%
The ink flows down into a {dark} {puddle}
88%
But in this world of infinite {choices}
86%
If I don’t {know} how to love you
86%
If I can’t hear the {sound} of your heartbeat
83%
I’ll {leave} you be
83%
What will it take just for me to have it {all}
82%
When {you}’{re} here, everything that we do is fun for them anyway
81%
And if this world won’t write me an {ending}
79%
Is it {love} if I take you or is it {love} if I set you free
79%
Have I found everybody a fun {assignment} to do today
77%
What good are words when a {smile} says it all
77%
And in {your} {reality}
76%
How can I write love into {reality}?
72%
What do you {call} love in your reality
65%
Does my pen only write {bitter} {words} for those who are dear to me
61%
When I can’t even {read} my own feelings
61%
No matching quizzes found
Score Distribution
Percent of People with Each Score
Percentile by Number Answered
Your Score History
You have not taken this quiz